000 00966nam a2200277 a 4500
001 000022876
005 20240724123526.0
008 101120s1960 mx r 000 e spa d
040 _aDO-SdBNP
_bspa
_cBNPHU
041 1 7 _aspa
_heng
_2Código de idiomas MARC
082 _a332.15
_bD537b
100 1 _aDiamond, William,
_947011
240 1 0 _aDevelopment banks.
_lEspañol.
245 1 0 _aBancos de fomento /
_cWilliam Diamond ; traducción de José C. Cárdenas.
260 _aMéxico :
_bFondo de Cultura Económica,
_c1960.
300 _a162 p. ;
_c22 cm.
490 1 _aObras de economía
590 _aIncluye
504 _aIncluye referencias bibliográficas y notas al pie de las páginas.
534 _pTítulo original en inglés:
_tDevelopment banks.
_cJohns Hopkins, 1957
650 0 _aFinanzas
_9641
650 1 _aBancos internacionales
_947012
700 1 _aCárdenas, José C.,
_etr.
_947013
830 0 _aObras de economía
_947014
049 _aBNGR
999 _c22373
_d22373